Nagy Lajos király is jelen volt... Kassai Napok '98

Bibliographic Details
Main Author: Gazdag, József (Author)
Format: Article
Language:Hungarian
Subjects:

MARC

LEADER 00000nab a2200000 a 4500
001 vtls000924697
003 SK-MaSNL
005 20260319073808.0
008 040720e19980617xo 0 hun
035 |a KE33574 
040 |a KEVKJB  |b slo  |c KEVKJB  |e AACR2 
041 1 |a hun 
044 |a xo  |c SK 
080 |a 061.75  |2 1981 
080 |a 745.51  |2 1981 
100 1 |a Gazdag, József  |4 aut  |9 641401 
245 1 0 |a Nagy Lajos király is jelen volt...  |b Kassai Napok '98 
600 1 7 |a Novotný, Dalibor  |2 KEVKJB  |9 659373 
600 0 7 |a Ľudovít  |b I.,  |c uhorský a poľský kráľ,  |d 1326-1382  |2 snkbucl 
611 1 7 |a Dni mesta Košice  |d (1998 :  |c Košice, Slovensko)  |2 KEVKJB  |9 1017488 
650 0 7 |a sochy  |2 snkbucl  |9 29846 
651 7 |a Košice (Slovensko)  |2 KEVKJB  |9 18694 
773 0 8 |t Vasárnap  |g Roč. 31  |g Roč. 28, č.24, 17.6.1998, s. 29 
852 |a ZVYKNI  |b KIS3GCP 
999 |c 1670607  |d 1672537